000 01217nam a2200337 a 4500
001 000043229
003 DO-SdBPM
005 20250730123921.0
007 ta
008 140226s2014 dr ac 001 ebspa d
020 _a9789993446262
040 _aDO-SdBPM
_bspa
_cBPMSU
_drda
082 4 _aPR861.4409
_bR789e 2014
_222
100 1 _aRosario Candelier, Bruno,
_d1941-
_eautor
245 1 3 _aLa experiencia cuántica en la poesía de José Luis Vega /
_cBruno Rosario Candelier.
264 _aSanto Domingo :
_bAteneo Insular Internación,
_c2014.
300 _a140 páginas :
_bilustraciones, retrato ;
_c24 cm.
336 _atexto
_btxt
_2rdacontent
337 _asin mediación
_bn
_2rdamedia
338 _avolumen
_bnc
_2rdacarrier
490 0 _aPor las amenas liras,
_v14
590 _aInventariado, 2025/VM
600 1 4 _aVega, José Luis,
_t1948-
_xCrítica e interpretación
650 7 _aPoesía puertorriqueña
_xHistoria y crítica
650 7 _aEnsayos dominicanos
650 7 _aAutores puertorriqueños
_xCrítica e interpretación
650 4 _aLiteratura dominicana.
650 7 _aLiteratura puertorriqueña
_xHistoria y crítica
910 _aVMateo V. Control de calidad BPMSU
942 _2ddc
_cBK
999 _c15292
_d15292